[Event "MCR druzstev mladsich zaku 2019"]
[Site "Trest"]
[Date "2019.06.15"]
[Round "5.8"]
[White "Bouska, Jiri"]
[Black "Vasinek, Martin"]
[Result "0-1"]
[BlackElo "1700"]
[WhiteElo "1620"]
[LiveChessVersion "1.4.8"]

1. e4 {[%clk 0:25:12]} c5 {[%clk 0:25:19]} 2. Nf3 {[%clk 0:25:21]} Nc6
{[%clk 0:25:29]} 3. d4 {[%clk 0:25:30]} cxd4 {[%clk 0:25:37]} 4. Nxd4
{[%clk 0:25:36]} g6 {[%clk 0:25:45]} 5. Nc3 {[%clk 0:25:42]} Bg7 {[%clk 0:25:54]}
6. Be3 {[%clk 0:25:47]} Nf6 {[%clk 0:26:02]} 7. Bc4 {[%clk 0:25:54]} Qa5
{[%clk 0:26:11]} 8. O-O {[%clk 0:25:58]} d6 {[%clk 0:26:18]} 9. a3
{[%clk 0:26:03]} O-O {[%clk 0:26:08]} 10. b4 {[%clk 0:26:12]} Qc7
{[%clk 0:25:14]} 11. Ndb5 {[%clk 0:26:10]} Qd8 {[%clk 0:25:17]} 12. f3
{[%clk 0:26:13]} a6 {[%clk 0:25:33]} 13. Nd4 {[%clk 0:26:32]} Ne5
{[%clk 0:25:37]} 14. Bb3 {[%clk 0:26:30]} Qc7 {[%clk 0:25:44]} 15. Nd5
{[%clk 0:26:27]} Nxd5 {[%clk 0:25:47]} 16. Bxd5 {[%clk 0:26:34]} Bd7
{[%clk 0:25:43]} 17. Rc1 {[%clk 0:26:24]} Qc3 {[%clk 0:24:45]} 18. Qd2
{[%clk 0:25:51]} Qxd2 {[%clk 0:24:10]} 19. Bxd2 {[%clk 0:25:52]} Nc4
{[%clk 0:22:27]} 20. Bxc4 {[%clk 0:25:46]} Bxd4+ {[%clk 0:22:34]} 21. Kh1
{[%clk 0:25:55]} Rfc8 {[%clk 0:21:48]} 22. Bb3 {[%clk 0:25:58]} Rc7
{[%clk 0:20:24]} 23. c3 {[%clk 0:25:48]} Bb6 {[%clk 0:20:25]} 24. c4
{[%clk 0:25:55]} Rac8 {[%clk 0:20:20]} 25. Rc2 {[%clk 0:25:53]} Bd4
{[%clk 0:20:20]} 26. Rfc1 {[%clk 0:25:53]} Bb5 {[%clk 0:19:47]} 27. Bf4
{[%clk 0:25:34]} Bd7 {[%clk 0:19:27]} 28. c5 {[%clk 0:25:28]} e5 {[%clk 0:19:25]}
29. Bg3 {[%clk 0:25:14]} dxc5 {[%clk 0:19:28]} 30. bxc5 {[%clk 0:25:08]} Rxc5
{[%clk 0:19:34]} 31. Rxc5 {[%clk 0:25:05]} Rxc5 {[%clk 0:19:39]} 32. Rxc5
{[%clk 0:24:56]} Bxc5 {[%clk 0:19:47]} 33. a4 {[%clk 0:24:51]} Bd4
{[%clk 0:19:42]} 34. Be1 {[%clk 0:24:49]} Bc6 {[%clk 0:19:42]} 35. Bb4
{[%clk 0:24:48]} Kg7 {[%clk 0:19:45]} 36. Be7 {[%clk 0:24:56]} f5
{[%clk 0:19:21]} 37. exf5 {[%clk 0:24:57]} gxf5 {[%clk 0:19:28]} 38. h3
{[%clk 0:24:03]} e4 {[%clk 0:19:36]} 39. fxe4 {[%clk 0:23:54]} fxe4
{[%clk 0:19:43]} 40. Kh2 {[%clk 0:23:48]} e3 {[%clk 0:19:51]} 41. Bd1
{[%clk 0:23:49]} Kg6 {[%clk 0:18:50]} 42. g4 {[%clk 0:23:57]} Kf7
{[%clk 0:18:48]} 43. Bg5 {[%clk 0:23:56]} Ke6 {[%clk 0:18:55]} 44. Kg3
{[%clk 0:23:58]} Kd6 {[%clk 0:17:54]} 45. Kf4 {[%clk 0:23:15]} Kc5
{[%clk 0:17:48]} 46. Be7+ {[%clk 0:23:20]} Kc4 {[%clk 0:17:53]} 47. h4
{[%clk 0:23:21]} Kd3 {[%clk 0:18:00]} 48. h5 {[%clk 0:23:05]} e2 {[%clk 0:18:04]}
49. Bxe2+ {[%clk 0:23:12]} Kxe2 {[%clk 0:18:11]} 50. g5 {[%clk 0:23:16]} Be8
{[%clk 0:17:52]} 51. Kg4 {[%clk 0:23:10]} Ke3 {[%clk 0:17:52]} 52. h6
{[%clk 0:23:13]} Ke4 {[%clk 0:17:55]} 53. a5 {[%clk 0:23:18]} Bc3
{[%clk 0:17:47]} 54. Bd8 {[%clk 0:23:21]} Bg6 {[%clk 0:17:45]} 55. Bc7
{[%clk 0:23:19]} Kd5 {[%clk 0:17:54]} 56. Kf4 {[%clk 0:23:23]} Kc5
{[%clk 0:17:59]} 57. Ke3 {[%clk 0:23:27]} Kb5 {[%clk 0:18:01]} 58. Ke2
{[%clk 0:23:28]} Bxa5 {[%clk 0:18:07]} 59. Be5 {[%clk 0:23:37]} Kc4
{[%clk 0:18:12]} 60. Kd1 {[%clk 0:23:40]} Bc3 {[%clk 0:18:21]} 61. Ke2
{[%clk 0:23:45]} Bxe5 {[%clk 0:18:28]} 62. Kf3 {[%clk 0:23:50]} b5
{[%clk 0:18:35]} 63. Kg2 {[%clk 0:23:58]} b4 {[%clk 0:18:42]} 64. Kh3
{[%clk 0:24:06]} b3 {[%clk 0:18:49]} 65. Kg4 {[%clk 0:24:12]} b2 {[%clk 0:18:57]}
66. Kh4 {[%clk 0:24:21]} b1=Q {[%clk 0:19:02]} 67. Kh3 {[%clk 0:24:29]} Bf5+
{[%clk 0:19:09]} 68. Kg2 {[%clk 0:24:36]} Qc2+ {[%clk 0:19:17]} 69. Kf3
{[%clk 0:24:40]} Qe4+ {[%clk 0:19:25]} 70. Kf2 {[%clk 0:24:49]} Bd4+
{[%clk 0:19:34]} 71. Kf1 {[%clk 0:24:51]} Qc2 {[%clk 0:19:41]} 72. Ke1
{[%clk 0:24:58]} Bd3 {[%clk 0:19:39]} 73. g6 Bc3# {[%clk 0:19:44]} 0-1

[Event "MCR druzstev mladsich zaku 2019"]
[Site "Trest"]
[Date "2019.06.15"]
[Round "5.9"]
[White "Buchta, Bartolomej"]
[Black "Janouskova, Adela"]
[Result "1-0"]
[BlackElo "1457"]
[WhiteElo "1556"]
[LiveChessVersion "1.4.8"]

1. e4 {[%clk 0:25:17]} c5 {[%clk 0:25:19]} 2. Nf3 {[%clk 0:25:26]} d6
{[%clk 0:25:27]} 3. d4 {[%clk 0:25:34]} cxd4 {[%clk 0:25:36]} 4. Nxd4
{[%clk 0:25:42]} Nf6 {[%clk 0:25:44]} 5. Nc3 {[%clk 0:25:51]} g6 {[%clk 0:25:49]}
6. Be3 {[%clk 0:25:58]} Bg7 {[%clk 0:25:54]} 7. f3 {[%clk 0:26:06]} Nc6
{[%clk 0:25:59]} 8. Qd2 {[%clk 0:26:10]} O-O {[%clk 0:26:03]} 9. Bc4
{[%clk 0:26:20]} Bd7 {[%clk 0:26:07]} 10. Bb3 {[%clk 0:26:24]} Re8
{[%clk 0:24:32]} 11. O-O-O {[%clk 0:26:27]} Rc8 {[%clk 0:24:31]} 12. h4
{[%clk 0:26:35]} h5 {[%clk 0:24:36]} 13. Bh6 {[%clk 0:24:15]} Ne5
{[%clk 0:24:05]} 14. Bxg7 {[%clk 0:23:49]} Kxg7 {[%clk 0:24:13]} 15. f4
{[%clk 0:23:02]} Nc4 {[%clk 0:23:50]} 16. Qd3 {[%clk 0:22:48]} Na5
{[%clk 0:21:42]} 17. f5 {[%clk 0:22:01]} Nxb3+ {[%clk 0:21:10]} 18. axb3
{[%clk 0:22:00]} Ng4 {[%clk 0:20:47]} 19. fxg6 {[%clk 0:21:38]} fxg6
{[%clk 0:20:53]} 20. Nf3 {[%clk 0:21:03]} Bc6 {[%clk 0:19:17]} 21. Rhf1
{[%clk 0:19:43]} Rf8 {[%clk 0:18:21]} 22. Ng5 {[%clk 0:19:24]} Qd7
{[%clk 0:17:03]} 23. Rxf8 {[%clk 0:17:50]} Rxf8 {[%clk 0:17:08]} 24. Qd4+
{[%clk 0:17:35]} Kg8 {[%clk 0:16:35]} 25. Qc4+ {[%clk 0:17:01]} Kh8
{[%clk 0:15:44]} 26. Nd5 {[%clk 0:12:56]} Bxd5 {[%clk 0:13:36]} 27. Qxd5
{[%clk 0:12:50]} Rf6 {[%clk 0:10:39]} 28. Qd4 {[%clk 0:11:15]} Kg8
{[%clk 0:08:56]} 29. e5 {[%clk 0:10:52]} Nxe5 {[%clk 0:08:13]} 30. Qxe5
{[%clk 0:10:38]} dxe5 {[%clk 0:07:38]} 31. Rxd7 {[%clk 0:10:46]} Rf1+
{[%clk 0:07:00]} 32. Kd2 {[%clk 0:10:51]} Rf2+ {[%clk 0:07:06]} 33. Kd1
{[%clk 0:10:34]} Kf8 {[%clk 0:06:04]} 34. Rxb7 {[%clk 0:09:53]} Rxg2
{[%clk 0:05:54]} 35. Rb8+ {[%clk 0:09:25]} Kg7 {[%clk 0:05:54]} 36. c4
{[%clk 0:09:29]} Rxb2 {[%clk 0:04:29]} 37. c5 {[%clk 0:09:32]} Rf2
{[%clk 0:04:02]} 38. c6 {[%clk 0:09:39]} Rf8 {[%clk 0:04:03]} 39. Rxf8
{[%clk 0:09:36]} Kxf8 {[%clk 0:04:10]} 40. c7 {[%clk 0:09:45]} Kg7
{[%clk 0:04:16]} 41. c8=Q {[%clk 0:09:51]} 1-0

[Event "MCR druzstev mladsich zaku 2019"]
[Site "Trest"]
[Date "2019.06.15"]
[Round "5.10"]
[White "Stary, Vojtech"]
[Black "Licka, Denis"]
[Result "0-1"]
[BlackElo "1349"]
[WhiteElo "1330"]
[LiveChessVersion "1.4.8"]

1. e4 {[%clk 0:25:19]} c5 {[%clk 0:25:19]} 2. Nf3 {[%clk 0:25:27]} d6
{[%clk 0:25:27]} 3. d4 {[%clk 0:25:36]} cxd4 {[%clk 0:25:35]} 4. Nxd4
{[%clk 0:25:44]} Nf6 {[%clk 0:25:43]} 5. Nc3 {[%clk 0:25:52]} a6 {[%clk 0:25:51]}
6. Bc4 {[%clk 0:25:54]} e6 {[%clk 0:25:59]} 7. Be3 {[%clk 0:25:58]} b5
{[%clk 0:25:42]} 8. Bd3 {[%clk 0:25:48]} Bb7 {[%clk 0:25:45]} 9. f3
{[%clk 0:25:50]} Nbd7 {[%clk 0:25:41]} 10. Qd2 {[%clk 0:24:48]} Qc7
{[%clk 0:24:26]} 11. g4 {[%clk 0:24:30]} Nc5 {[%clk 0:24:00]} 12. Be2
{[%clk 0:24:20]} Be7 {[%clk 0:23:38]} 13. g5 {[%clk 0:22:49]} Nfd7
{[%clk 0:23:22]} 14. h4 {[%clk 0:19:13]} Ne5 {[%clk 0:22:30]} 15. b4
{[%clk 0:18:32]} Ncd7 {[%clk 0:22:10]} 16. f4 {[%clk 0:18:07]} Nc4
{[%clk 0:21:07]} 17. Bxc4 {[%clk 0:17:29]} Qxc4 {[%clk 0:21:06]} 18. a3
{[%clk 0:16:21]} Rc8 {[%clk 0:20:19]} 19. Nde2 {[%clk 0:12:29]} Bxe4
{[%clk 0:19:44]} 20. Rg1 {[%clk 0:12:04]} Bf3 {[%clk 0:18:42]} 21. O-O-O
{[%clk 0:05:25]} Bxe2 {[%clk 0:18:00]} 22. Nxe2 {[%clk 0:05:29]} Qa2
{[%clk 0:17:55]} 23. Qd3 {[%clk 0:05:04]} Qc4 {[%clk 0:15:53]} 24. Qd2
{[%clk 0:04:49]} Qb3 {[%clk 0:14:58]} 25. Qd3 {[%clk 0:04:16]} Qxd3
{[%clk 0:11:26]} 26. Rxd3 {[%clk 0:04:23]} e5 {[%clk 0:10:23]} 27. f5
{[%clk 0:03:38]} Rc4 {[%clk 0:09:23]} 28. h5 {[%clk 0:03:26]} Rh4
{[%clk 0:05:37]} 29. h6 {[%clk 0:03:21]} gxh6 {[%clk 0:04:23]} 30. gxh6
{[%clk 0:03:29]} Nf6 {[%clk 0:04:17]} 31. Bg5 {[%clk 0:02:59]} Rg4
{[%clk 0:03:53]} 32. Bxf6 {[%clk 0:02:54]} Rxg1+ {[%clk 0:03:55]} 33. Nxg1
{[%clk 0:03:03]} Bxf6 {[%clk 0:03:30]} 34. Rxd6 {[%clk 0:03:11]} Bg5+
{[%clk 0:02:33]} 35. Kd1 {[%clk 0:03:02]} Ke7 {[%clk 0:02:14]} 36. Rxa6
{[%clk 0:03:04]} Rd8+ {[%clk 0:02:21]} 37. Ke1 {[%clk 0:02:55]} Rd6
{[%clk 0:01:47]} 38. Ra7+ {[%clk 0:02:34]} Rd7 {[%clk 0:01:06]} 39. Rxd7+
{[%clk 0:02:38]} Kxd7 {[%clk 0:01:12]} 40. Nf3 {[%clk 0:02:36]} Bf4
{[%clk 0:01:03]} 41. Ke2 {[%clk 0:02:15]} Kd6 {[%clk 0:00:57]} 42. Nd2
{[%clk 0:01:24]} Kd5 {[%clk 0:00:22]} 43. Nb3 {[%clk 0:00:32]} Bxh6
{[%clk 0:00:23]} 44. Kd3 {[%clk 0:00:22]} Bf8 {[%clk 0:00:19]} 45. Ke3
{[%clk 0:00:23]} h5 {[%clk 0:00:14]} 46. Nd2 {[%clk 0:00:25]} Bh6+
{[%clk 0:00:22]} 47. Ke2 {[%clk 0:00:30]} Bxd2 {[%clk 0:00:29]} 48. Kxd2
{[%clk 0:00:38]} h4 {[%clk 0:00:37]} 49. Ke3 {[%clk 0:00:45]} h3 {[%clk 0:00:42]}
50. Kf3 {[%clk 0:00:54]} e4+ {[%clk 0:00:50]} 51. Kg3 {[%clk 0:01:01]} e3
{[%clk 0:00:57]} 52. a4 {[%clk 0:00:42]} bxa4 {[%clk 0:01:01]} 53. b5
{[%clk 0:00:50]} e2 {[%clk 0:01:08]} 54. Kxh3 {[%clk 0:00:56]} e1=Q
{[%clk 0:01:16]} 55. b6 {[%clk 0:01:02]} Qe3+ {[%clk 0:01:15]} 56. Kg4
{[%clk 0:01:07]} Qxb6 {[%clk 0:01:20]} 57. c4+ {[%clk 0:01:13]} Kxc4
{[%clk 0:01:25]} 58. f6 {[%clk 0:01:19]} Qxf6 {[%clk 0:01:33]} 59. Kg3
{[%clk 0:01:27]} Qf5 {[%clk 0:01:40]} 60. Kg2 {[%clk 0:01:32]} Qf4
{[%clk 0:01:48]} 61. Kg1 {[%clk 0:01:39]} Qd2 {[%clk 0:01:57]} 62. Kh1
{[%clk 0:01:47]} Kd4 {[%clk 0:02:02]} 63. Kg1 {[%clk 0:01:55]} Ke4
{[%clk 0:02:11]} 0-1

[Event "MCR druzstev mladsich zaku 2019"]
[Site "Trest"]
[Date "2019.06.15"]
[Round "5.11"]
[White "Barteckova, Denisa"]
[Black "Slosar, Jan"]
[Result "1-0"]
[BlackElo "1369"]
[WhiteElo "1342"]
[LiveChessVersion "1.4.8"]

1. e4 {[%clk 0:25:18]} c5 {[%clk 0:25:19]} 2. Nf3 {[%clk 0:25:26]} Nc6
{[%clk 0:25:28]} 3. d4 {[%clk 0:25:35]} cxd4 {[%clk 0:25:35]} 4. Nxd4
{[%clk 0:25:43]} g6 {[%clk 0:25:44]} 5. Nc3 {[%clk 0:25:48]} Bg7 {[%clk 0:25:52]}
6. Nb3 {[%clk 0:25:49]} d6 {[%clk 0:26:01]} 7. Be3 {[%clk 0:25:29]} Nf6
{[%clk 0:26:09]} 8. Qd2 {[%clk 0:25:21]} Ng4 {[%clk 0:26:15]} 9. Bg5
{[%clk 0:25:01]} O-O {[%clk 0:26:05]} 10. O-O-O {[%clk 0:24:52]} Re8
{[%clk 0:26:12]} 11. f3 {[%clk 0:24:45]} Nf6 {[%clk 0:26:20]} 12. Bh6
{[%clk 0:24:32]} Bh8 {[%clk 0:26:28]} 13. Bb5 {[%clk 0:24:26]} Bd7
{[%clk 0:26:21]} 14. g4 {[%clk 0:24:00]} a6 {[%clk 0:26:30]} 15. Bc4
{[%clk 0:23:55]} Ne5 {[%clk 0:25:56]} 16. Be2 {[%clk 0:23:19]} Bc6
{[%clk 0:25:49]} 17. Rhg1 {[%clk 0:20:31]} b5 {[%clk 0:25:15]} 18. a3
{[%clk 0:19:28]} Nfd7 {[%clk 0:23:59]} 19. h4 {[%clk 0:18:53]} Bg7
{[%clk 0:23:08]} 20. Bxg7 {[%clk 0:18:49]} Kxg7 {[%clk 0:23:16]} 21. h5
{[%clk 0:18:51]} Nb6 {[%clk 0:22:40]} 22. hxg6 {[%clk 0:18:55]} Nbc4
{[%clk 0:22:24]} 23. Bxc4 {[%clk 0:18:42]} Nxc4 {[%clk 0:22:32]} 24. Qg5
{[%clk 0:17:24]} fxg6 {[%clk 0:22:32]} 25. Rh1 {[%clk 0:17:18]} Rh8
{[%clk 0:22:21]} 26. Qh6+ {[%clk 0:15:10]} Kg8 {[%clk 0:21:27]} 27. f4
{[%clk 0:14:15]} Ne3 {[%clk 0:20:28]} 28. Rdg1 {[%clk 0:13:58]} e6
{[%clk 0:20:35]} 29. f5 {[%clk 0:12:56]} exf5 {[%clk 0:20:29]} 30. Qxe3
{[%clk 0:12:46]} fxe4 {[%clk 0:20:29]} 31. Nd4 {[%clk 0:12:03]} Bb7
{[%clk 0:20:27]} 32. g5 d5 {[%clk 0:20:20]} 33. Rf1 {[%clk 0:11:34]} Qd7
{[%clk 0:20:22]} 34. Rh4 {[%clk 0:11:14]} Kg7 {[%clk 0:20:00]} 35. Rhf4
{[%clk 0:11:08]} Rhf8 {[%clk 0:19:10]} 36. Nde2 {[%clk 0:10:58]} Rad8
{[%clk 0:18:52]} 37. Qd4+ {[%clk 0:10:56]} Kg8 {[%clk 0:18:53]} 38. Rxf8+
{[%clk 0:10:53]} Rxf8 {[%clk 0:19:01]} 39. Rxf8+ {[%clk 0:10:56]} Kxf8
{[%clk 0:19:10]} 40. Qh8+ {[%clk 0:10:58]} Ke7 {[%clk 0:19:17]} 41. Qxh7+
{[%clk 0:11:03]} Kd6 {[%clk 0:19:26]} 42. Qxg6+ {[%clk 0:11:02]} Kc5
{[%clk 0:19:24]} 43. Qf6 {[%clk 0:10:52]} Qg4 {[%clk 0:19:20]} 44. g6
{[%clk 0:10:16]} Bc8 {[%clk 0:19:19]} 45. g7 {[%clk 0:10:00]} Be6
{[%clk 0:19:25]} 46. Qf8+ {[%clk 0:09:37]} Kc6 {[%clk 0:19:13]} 47. Nd4+
{[%clk 0:09:37]} Kb6 {[%clk 0:19:16]} 48. Nxe6 {[%clk 0:09:10]} Qg1+
{[%clk 0:18:13]} 49. Nd1 {[%clk 0:09:08]} e3 {[%clk 0:18:04]} 50. g8=Q
{[%clk 0:08:57]} Qe1 {[%clk 0:17:11]} 51. Qd6+ {[%clk 0:08:58]} Ka5
{[%clk 0:17:19]} 52. Qgd8+ {[%clk 0:09:02]} Ka4 {[%clk 0:17:11]} 53. b3# 1-0

[Event "MCR druzstev mladsich zaku 2019"]
[Site "Trest"]
[Date "2019.06.15"]
[Round "5.12"]
[White "Vana, Jakub"]
[Black "Letal, Hynek"]
[Result "1-0"]
[BlackElo "1278"]
[WhiteElo "1422"]
[LiveChessVersion "1.4.8"]

1. d4 {[%clk 0:25:18]} d5 {[%clk 0:25:18]} 2. Nf3 {[%clk 0:25:24]} Nf6
{[%clk 0:25:23]} 3. Bg5 {[%clk 0:25:30]} e6 {[%clk 0:25:30]} 4. e3
{[%clk 0:25:37]} Be7 {[%clk 0:25:38]} 5. Bd3 {[%clk 0:25:41]} c5 {[%clk 0:25:44]}
6. c3 {[%clk 0:25:48]} Nc6 {[%clk 0:25:52]} 7. O-O {[%clk 0:25:39]} O-O
{[%clk 0:25:58]} 8. Nbd2 {[%clk 0:25:30]} b6 {[%clk 0:26:05]} 9. Qe2
{[%clk 0:25:16]} c4 {[%clk 0:26:08]} 10. Bc2 {[%clk 0:25:22]} Bb7
{[%clk 0:26:15]} 11. e4 {[%clk 0:24:49]} Qd6 {[%clk 0:25:47]} 12. e5
{[%clk 0:24:54]} Qd8 {[%clk 0:25:48]} 13. exf6 {[%clk 0:25:00]} Bxf6
{[%clk 0:25:57]} 14. Bxf6 {[%clk 0:25:03]} Qxf6 {[%clk 0:26:05]} 15. Rfe1
{[%clk 0:24:53]} Rfe8 {[%clk 0:26:01]} 16. Ne5 {[%clk 0:24:41]} Nxe5
{[%clk 0:26:04]} 17. Qxe5 {[%clk 0:24:31]} Qh6 {[%clk 0:26:08]} 18. Nf3
{[%clk 0:24:27]} Qf6 {[%clk 0:25:53]} 19. Qxf6 {[%clk 0:24:33]} gxf6
{[%clk 0:26:01]} 20. h3 {[%clk 0:24:35]} Kh8 {[%clk 0:26:09]} 21. Rad1
{[%clk 0:24:03]} Rg8 {[%clk 0:26:17]} 22. Re3 {[%clk 0:23:52]} Rg7
{[%clk 0:26:08]} 23. Nh4 {[%clk 0:23:38]} Rag8 {[%clk 0:26:10]} 24. Rde1
{[%clk 0:22:39]} Bc8 {[%clk 0:25:13]} 25. Rf3 {[%clk 0:22:42]} f5
{[%clk 0:25:15]} 26. Ree3 {[%clk 0:22:22]} Bd7 {[%clk 0:24:41]} 27. Rg3
{[%clk 0:22:25]} Rxg3 {[%clk 0:24:46]} 28. Rxg3 {[%clk 0:22:32]} Rb8
{[%clk 0:24:42]} 29. Nf3 {[%clk 0:22:34]} f6 {[%clk 0:24:36]} 30. Nd2
{[%clk 0:21:28]} b5 {[%clk 0:24:40]} 31. a3 {[%clk 0:21:29]} a5 {[%clk 0:24:47]}
32. Re3 {[%clk 0:19:58]} b4 {[%clk 0:24:48]} 33. axb4 {[%clk 0:19:31]} axb4
{[%clk 0:24:56]} 34. cxb4 {[%clk 0:19:26]} Rxb4 {[%clk 0:25:04]} 35. b3
{[%clk 0:19:24]} c3 {[%clk 0:24:30]} 36. Rxc3 {[%clk 0:19:10]} Rxd4
{[%clk 0:24:38]} 37. Nf3 {[%clk 0:19:15]} Rb4 {[%clk 0:24:45]} 38. Rc7
{[%clk 0:19:12]} Bb5 {[%clk 0:24:26]} 39. Rf7 {[%clk 0:19:14]} e5
{[%clk 0:24:06]} 40. Rxf6 {[%clk 0:19:04]} e4 {[%clk 0:23:53]} 41. Ne5
{[%clk 0:18:54]} d4 {[%clk 0:23:45]} 42. Rxf5 {[%clk 0:18:50]} d3
{[%clk 0:23:54]} 43. Rg5 {[%clk 0:18:22]} Be8 {[%clk 0:23:44]} 44. Bd1
{[%clk 0:18:12]} h6 {[%clk 0:23:28]} 45. Rg3 {[%clk 0:18:03]} Rd4
{[%clk 0:23:10]} 46. Re3 {[%clk 0:17:34]} Bb5 {[%clk 0:23:09]} 47. f3
{[%clk 0:17:08]} d2 {[%clk 0:22:22]} 48. fxe4 {[%clk 0:17:01]} Kg7
{[%clk 0:22:00]} 49. Nf3 {[%clk 0:17:01]} Rd8 {[%clk 0:20:55]} 50. Rc3
{[%clk 0:17:03]} Kf6 {[%clk 0:20:33]} 51. Rc2 {[%clk 0:17:18]} Rg8
{[%clk 0:20:36]} 52. Rxd2 {[%clk 0:17:21]} Ke7 {[%clk 0:20:42]} 53. b4
{[%clk 0:17:06]} Bc6 {[%clk 0:20:40]} 54. Nd4 {[%clk 0:16:52]} Bb7
{[%clk 0:20:16]} 55. e5 {[%clk 0:16:49]} h5 {[%clk 0:20:19]} 56. Bb3
{[%clk 0:16:42]} Rg5 {[%clk 0:20:13]} 57. e6 {[%clk 0:16:39]} Ke8
{[%clk 0:20:06]} 58. Re2 {[%clk 0:16:27]} Ke7 {[%clk 0:19:47]} 59. Ba4
{[%clk 0:16:21]} Ba6 {[%clk 0:19:52]} 60. Rf2 {[%clk 0:16:22]} Bb7
{[%clk 0:19:53]} 61. Rf7+ {[%clk 0:16:21]} Kd6 {[%clk 0:19:58]} 62. Rxb7
{[%clk 0:16:11]} Rd5 {[%clk 0:20:04]} 63. e7 {[%clk 0:16:10]} Rxd4
{[%clk 0:20:11]} 64. e8=Q {[%clk 0:15:58]} Rc4 {[%clk 0:20:11]} 65. Rd7#
{[%clk 0:16:03]} 1-0

[Event "MCR druzstev mladsich zaku 2019"]
[Site "Trest"]
[Date "2019.06.15"]
[Round "5.13"]
[White "Simunek, Jakub Simon"]
[Black "Juhanak, Daniel"]
[Result "1-0"]
[BlackElo "1550"]
[WhiteElo "1540"]
[LiveChessVersion "1.4.8"]

1. d4 {[%clk 0:25:17]} f5 {[%clk 0:25:14]} 2. Nf3 {[%clk 0:25:15]} Nf6
{[%clk 0:25:16]} 3. c4 {[%clk 0:25:16]} g6 {[%clk 0:25:16]} 4. Bf4
{[%clk 0:25:16]} Bg7 {[%clk 0:25:19]} 5. Nc3 {[%clk 0:25:10]} O-O
{[%clk 0:25:17]} 6. Qd2 {[%clk 0:25:13]} d6 {[%clk 0:24:56]} 7. Bh6
{[%clk 0:25:04]} Qe8 {[%clk 0:24:20]} 8. Bxg7 {[%clk 0:24:22]} Kxg7
{[%clk 0:24:27]} 9. e3 {[%clk 0:24:27]} e5 {[%clk 0:24:28]} 10. dxe5
{[%clk 0:23:56]} dxe5 {[%clk 0:24:28]} 11. Be2 {[%clk 0:23:53]} Nbd7
{[%clk 0:23:44]} 12. Nd5 {[%clk 0:22:54]} Nxd5 {[%clk 0:22:28]} 13. Qxd5
{[%clk 0:23:00]} c6 {[%clk 0:21:58]} 14. Qd6 {[%clk 0:22:17]} Rf6
{[%clk 0:19:23]} 15. Qd2 {[%clk 0:22:16]} e4 {[%clk 0:18:33]} 16. Nd4
{[%clk 0:21:52]} Ne5 {[%clk 0:17:29]} 17. O-O {[%clk 0:20:18]} Rf7
{[%clk 0:16:22]} 18. Qc3 {[%clk 0:19:30]} Kg8 {[%clk 0:15:18]} 19. Rfd1
{[%clk 0:18:26]} Bd7 {[%clk 0:13:26]} 20. Rd2 {[%clk 0:17:02]} Rd8
{[%clk 0:11:14]} 21. Rad1 {[%clk 0:17:03]} a6 {[%clk 0:09:02]} 22. c5
{[%clk 0:16:13]} Qe7 {[%clk 0:07:01]} 23. Nb3 {[%clk 0:15:21]} Rff8
{[%clk 0:06:21]} 24. Na5 {[%clk 0:14:23]} Rb8 {[%clk 0:05:34]} 25. Nc4
{[%clk 0:13:40]} Nd3 {[%clk 0:04:10]} 26. Bxd3 {[%clk 0:12:51]} exd3
{[%clk 0:04:18]} 27. Rxd3 {[%clk 0:12:59]} Be6 {[%clk 0:04:04]} 28. Nd6 Bxa2
{[%clk 0:03:15]} 29. b3 {[%clk 0:12:14]} b6 {[%clk 0:01:53]} 30. Qb2
{[%clk 0:11:51]} bxc5 {[%clk 0:01:29]} 31. Qxa2 {[%clk 0:11:49]} Rfd8
{[%clk 0:00:33]} 32. b4+ {[%clk 0:11:46]} Kg7 {[%clk 0:00:41]} 33. bxc5
{[%clk 0:11:48]} Qe5 {[%clk 0:00:19]} 34. Nxf5+ {[%clk 0:09:44]} gxf5
{[%clk 0:00:18]} 35. Rxd8 {[%clk 0:09:49]} Rxd8 {[%clk 0:00:22]} 36. Rxd8
{[%clk 0:09:55]} Qxc5 {[%clk 0:00:12]} 37. Rd1 {[%clk 0:09:05]} 1-0

[Event "MCR druzstev mladsich zaku 2019"]
[Site "Trest"]
[Date "2019.06.15"]
[Round "5.14"]
[White "Soucek, Jan"]
[Black "Prazak, Daniel"]
[Result "1/2-1/2"]
[BlackElo "1782"]
[WhiteElo "1595"]
[LiveChessVersion "1.4.8"]

1. e4 {[%clk 0:25:07]} e6 {[%clk 0:25:19]} 2. d3 {[%clk 0:24:16]} d5
{[%clk 0:25:15]} 3. Nd2 {[%clk 0:24:25]} Nf6 {[%clk 0:25:20]} 4. Ngf3
{[%clk 0:24:34]} c5 {[%clk 0:25:24]} 5. g3 {[%clk 0:24:43]} Nc6 {[%clk 0:25:20]}
6. Bg2 {[%clk 0:24:51]} Be7 {[%clk 0:25:23]} 7. O-O {[%clk 0:24:59]} O-O
{[%clk 0:25:28]} 8. Re1 {[%clk 0:24:48]} b5 {[%clk 0:25:26]} 9. e5
{[%clk 0:24:55]} Nd7 {[%clk 0:25:33]} 10. c3 {[%clk 0:24:50]} Qc7
{[%clk 0:25:16]} 11. d4 {[%clk 0:24:57]} c4 {[%clk 0:24:50]} 12. h4
{[%clk 0:24:58]} Nb6 {[%clk 0:24:32]} 13. Nf1 {[%clk 0:24:59]} a5
{[%clk 0:23:49]} 14. N1h2 {[%clk 0:24:59]} b4 {[%clk 0:23:12]} 15. Ng5
{[%clk 0:24:34]} h6 {[%clk 0:22:20]} 16. Nh3 {[%clk 0:24:42]} bxc3
{[%clk 0:21:11]} 17. bxc3 {[%clk 0:24:47]} Bd7 {[%clk 0:19:26]} 18. Qh5
{[%clk 0:24:21]} f6 {[%clk 0:15:01]} 19. Bxh6 {[%clk 0:11:20]} gxh6
{[%clk 0:13:55]} 20. Qg6+ {[%clk 0:10:36]} Kh8 {[%clk 0:14:03]} 21. Qxh6+
{[%clk 0:10:44]} Kg8 {[%clk 0:14:12]} 22. Qg6+ Kh8 {[%clk 0:14:20]} 23. Nf4
{[%clk 0:08:50]} Bd8 {[%clk 0:10:12]} 24. Qh6+ {[%clk 0:05:41]} Kg8
{[%clk 0:10:07]} 25. Ng6 {[%clk 0:04:37]} Be7 {[%clk 0:09:48]} 26. Nxf8
{[%clk 0:01:53]} Rxf8 {[%clk 0:09:46]} 27. Qg6+ {[%clk 0:01:47]} Kh8
{[%clk 0:09:46]} 28. Ng4 {[%clk 0:01:38]} Qd8 {[%clk 0:06:33]} 29. Rab1
{[%clk 0:00:44]} Nc8 {[%clk 0:06:01]} 30. Qh6+ {[%clk 0:00:33]} Kg8
{[%clk 0:06:08]} 31. Qg6+ {[%clk 0:00:42]} Kh8 {[%clk 0:06:17]} 32. Qh6+
{[%clk 0:00:19]} Kg8 {[%clk 0:06:26]} 33. Qg6+ {[%clk 0:00:29]} Kh8
{[%clk 0:06:35]} 1/2-1/2